Najsilniejszy Kraj każdego wieku (I - XXI w.) - Statystyki

Ogólne statystyki
  • Ten quiz został rozwiązany 177 razy
  • Średni wynik to 9 z 21
Statystyki odpowiedzi
Wiek Państwo % Poprawnych
XXI wiek Stany Zjednoczone
98%
XX wiek Związek Radziecki
80%
IV wiek Cesarstwo Rzymskie
74%
III wiek Cesarstwo Rzymskie
74%
II wiek Cesarstwo Rzymskie
74%
I wiek Cesarstwo Rzymskie
74%
XVII wiek Imperium Osmańskie
60%
XVI wiek Imperium Osmańskie
60%
XV wiek Imperium Osmańskie
60%
XIX wiek Imperium Brytyjskie
50%
XIII wiek Imperium Mongolskie
40%
XVIII wiek Imperium Rosyjskie
30%
XII wiek Święte Cesarstwo Rzymskie
21%
X wiek Cesarstwo Bizantyńskie
12%
VI wiek Cesarstwo Bizantyńskie
12%
VIII wiek Kalifat Umajjadów
12%
VII wiek Kalifat Umajjadów
12%
IX wiek Imperium Karolińskie
9%
XIV wiek Timurydzi
8%
V wiek Hunowie
6%
XI wiek Wielcy Seldżucy
6%
Nie znaleziono quizów pasujących do podanych kryteriów
Rozkład punktacji
Procent ludzi z każdym wynikiem
Percentyl według liczby udzielonych odpowiedzi
Twoja historia wyników
Nie rozwiązałeś tego quizu